| Tag |
First Indicator |
Second Indicator |
Subfields |
| LEADER |
00000cam a2200000 i 4500 |
| 001 |
in00000682016 |
| 005 |
20151015160821.0 |
| 008 |
801020s1978 nyua b 10100 eng |
| 010 |
|
|
|a 80129468
|
| 020 |
|
|
|a 0471056952 (pbk.)
|
| 035 |
|
|
|a (OCoLC)04736837
|
| 035 |
|
|
|9 ACZ3164AM
|
| 040 |
|
|
|a DLC
|c DLC
|d TXA
|d UtOrBLW
|
| 049 |
|
|
|a TXAM
|c [1479218]
|
| 050 |
0 |
0 |
|a QD380
|b .P6363
|
| 082 |
0 |
|
|a 547.8/4046
|2 19
|
| 245 |
0 |
0 |
|a Polymer analysis :
|b held at Philadelphia, Pennsylvania, November 18, 1976 /
|c sponsored by the Federation of Analytical Chemistry and Spectroscopy Societies ; editors, Ting Kai Wu, John Mitchell, Jr.
|
| 264 |
|
1 |
|a New York, N.Y. :
|b Wiley,
|c [1978]
|
| 264 |
|
4 |
|c ©1978
|
| 300 |
|
|
|a 171 pages :
|b illustrations ;
|c 23 cm.
|
| 336 |
|
|
|a text
|b txt
|2 rdacontent
|
| 337 |
|
|
|a unmediated
|b n
|2 rdamedia
|
| 338 |
|
|
|a volume
|b nc
|2 rdacarrier
|
| 490 |
1 |
|
|a Applied polymer symposium ; 34,
|x 0570-4898
|
| 490 |
0 |
|
|a Journal of applied polymer science
|
| 500 |
|
|
|a "An Interscience publication."
|
| 504 |
|
|
|a Includes bibliographical references and index.
|
| 650 |
|
0 |
|a Polymerization
|x Analysis
|x Congresses.
|
| 650 |
|
0 |
|a Polymers
|x Analysis
|v Congresses.
|
| 700 |
1 |
|
|a Wu, Ting Kai.
|
| 700 |
1 |
|
|a Mitchell, John,
|d 1913-1996.
|
| 710 |
2 |
|
|a Federation of Analytical Chemistry and Spectroscopy Societies.
|
| 830 |
|
0 |
|a Journal of applied polymer science.
|p Applied polymer symposium ;
|v no. 34.
|
| 999 |
|
|
|a MARS
|
| 999 |
f |
f |
|s cee3536d-e445-3ced-9d18-9ae380346c2e
|i fe382642-8ff0-3a59-a9f9-cb21e48d6efc
|t 0
|
| 952 |
f |
f |
|p ric
|a Texas A&M University
|b Rellis Campus
|c Joint Library Facility
|d Remote Storage
|t 0
|e QD380 .P6363
|h Library of Congress classification
|i unmediated -- volume
|m A14804701370
|
| 998 |
f |
f |
|a QD380 .P6363
|t 0
|l Remote Storage
|